000 00539nam a2200217Ia 4500
003 OSt
005 20230403105949.0
008 210423s2005 xx 000 0 und d
020 _a8174464484
040 _cAL
041 _aeng
082 _a658.3 RAOV
100 _aRAO (V S P).
_982378
245 _aHuman resource management: text and cases.
250 _a2
260 _aNew Delhi
_bExcel Books
_c2005
300 _axvi,709
_bPB
365 _b350
_cINR
906 _acases. ; Human ; management: ; resource
942 _2ddc
_cBK
999 _c157945
_d157945